<?xml version="1.0" encoding="UTF-8"?>
<record
    xmlns:xsi="http://www.w3.org/2001/XMLSchema-instance"
    xsi:schemaLocation="http://www.loc.gov/MARC21/slim http://www.loc.gov/standards/marcxml/schema/MARC21slim.xsd"
    xmlns="http://www.loc.gov/MARC21/slim">

  <leader>05228nam a2200385 i 4500</leader>
  <controlfield tag="001">39663</controlfield>
  <controlfield tag="003">ES-MaACL</controlfield>
  <controlfield tag="005">20250806025302.0</controlfield>
  <controlfield tag="007">t|</controlfield>
  <controlfield tag="008">030303m18841890sp           |||| | spa d</controlfield>
  <datafield tag="040" ind1=" " ind2=" ">
    <subfield code="c">ES-MaACL</subfield>
  </datafield>
  <datafield tag="100" ind1="1" ind2=" ">
    <subfield code="a">C&#xE1;novas del Castillo, Antonio,</subfield>
    <subfield code="d">1828-1897</subfield>
    <subfield code="9">34600</subfield>
    <subfield code="e">aut</subfield>
  </datafield>
  <datafield tag="245" ind1="1" ind2="0">
    <subfield code="a">Problemas contempor&#xE1;neos / </subfield>
    <subfield code="c">por A. C&#xE1;novas del Castillo.</subfield>
  </datafield>
  <datafield tag="260" ind1=" " ind2=" ">
    <subfield code="a">Madrid : </subfield>
    <subfield code="b">[s.n., </subfield>
    <subfield code="c">1884-1890] </subfield>
    <subfield code="f">(Imp. de A. P&#xE9;rez Dubrull)</subfield>
  </datafield>
  <datafield tag="300" ind1=" " ind2=" ">
    <subfield code="a">3 vol&#xFA;menes (XXVIII, 470 p&#xE1;ginas, [1] hoja de l&#xE1;mina ; 520 p&#xE1;ginas ; 10, 616 p&#xE1;ginas) ; </subfield>
    <subfield code="c">17 cm</subfield>
  </datafield>
  <datafield tag="490" ind1="1" ind2=" ">
    <subfield code="a">Colecci&#xF3;n de escritores castellanos. Cr&#xED;ticos ; </subfield>
    <subfield code="v">17-18, 81</subfield>
  </datafield>
  <datafield tag="490" ind1="1" ind2=" ">
    <subfield code="a">Obras de D. Antonio C&#xE1;novas del Castillo</subfield>
  </datafield>
  <datafield tag="505" ind1=" " ind2=" ">
    <subfield code="a">I. Discursos del Ateneo (primera serie): Discurso pronunciado el d&#xED;a 26 de nov. de 1870. Discurso pronunciado el d&#xED;a 25 de nov. de 1871. Discurso pronunciado el d&#xED;a 26 de nov. de 1872. Discurso pronunciado el d&#xED;a 25 de nov. de 1873 -- II. Discursos del Ateneo (segunda serie): Discurso pronunciado el d&#xED;a 6 de nov. de 1882. Discurso pronunciado el d&#xED;a 31 de en. de 1884. Dos ilustres atene&#xED;stas contempor&#xE1;neos: Moreno Nieto: discurso le&#xED;do en la velada literaria que celebr&#xF3; el Ateneo... en honor del Sr. D. Jos&#xE9; Moreno Nieto el 4 de marzo de 1882; Revilla: pr&#xF3;logo a sus obras sueltas publicadas... en 1883 -- III. Discursos del Ateneo (tercera serie): Discurso le&#xED;do el d&#xED;a 6 de nov. de 1889. Discurso del Ateneo, 1890: La cuesti&#xF3;n obrera y su nuevo car&#xE1;cter</subfield>
  </datafield>
  <datafield tag="505" ind1="8" ind2=" ">
    <subfield code="a">Discurso primero del Ateneo: El Ateneo en sus relaciones con la cultura espa&#xF1;ola ; Las transformaciones europeas en 1870 ; Cuesti&#xF3;n de Roma bajo su aspecto universa l; Ep&#xED;logo. Discurso segundo del Ateneo: El pesimismo y el optimismo en relaci&#xF3;n con los problemas de la &#xE9;poca actual ; Concepto e importancia de la teodicea popular ; El Estado en s&#xED; mismo y en sus relaciones con los derechos individuales y corporativos ; De las formas pol&#xED;ticas en general, y en especial de la monarqu&#xED;a constitucional en Inglaterra ; Breve rese&#xF1;a de otras conferencias y de las discusiones privadas del curso anterior. Discurso tercero del Ateneo: El problema religioso y sus relaciones con el pol&#xED;tico ; El problema religioso y la econom&#xED;a pol&#xED;tica ; La econom&#xED;a pol&#xED;tica, el socialismo y el cristianismo ; Errores de las escuelas modernas en orden al concepto de humanidad y al de Estado ; Ineficacia de las soluciones propuestas hasta ahora para los problemas sociales ; El cristianismo y el problema social ; El naturalismo y el socialismo cient&#xED;fico ; La moral independiente y la moral cristiana ; El cristianismo como fundamento del orden social ; La creencia en lo sobrenatural y el ate&#xED;smo cient&#xED;fico ; Importancia de los problemas contempor&#xE1;neos y m&#xE9;todo aplicable a su estudio. Discurso cuarto del Ateneo: La libertad y el progreso en el mundo moderno ; El concepto de libertad en las escuelas filos&#xF3;ficas modernas ; El determinismo y la libertad humana ; La libertad humana y sus manifestaciones ; La idea de progreso en los sistemas de Spencer y H&#xE4;ckel y el cristianismo ; Identidad fundamental de la idea de progreso en los sistemas filos&#xF3;ficos contempor&#xE1;neos ; La filosof&#xED;a de Kant y el escepticismo y determinismo actuales ; Realidad de los conceptos de libertad y de progreso. Los arbitristas (art&#xED;culo). Otro precursor de Malthus (art&#xED;culo). Discurso parlamentario sobre La Internacional -- III. Discurso... 6 nov. de 1889: Ejercicio de la soberan&#xED;a en las democracias modernas ; Las revoluciones en la Edad Moderna ; Clasificaci&#xF3;n de los sistemas democr&#xE1;ticos: la democracia pura en Suiza ; La democracia de r&#xE9;gimen mixto en los cantones suizos ; La soberan&#xED;a ejercida en Suiza por la Confederaci&#xF3;n: el r&#xE9;gimen municipal ; La democracia en los Estados Unidos ; El concepto de la soberan&#xED;a en los Estados Unidos y en Suiza ; Principios te&#xF3;ricos de la democracia francesa ; Conclusiones. El juicio por jurados y el Partido Liberal Conservador ; Estudios econ&#xF3;mico-sociales</subfield>
  </datafield>
  <datafield tag="530" ind1=" " ind2=" ">
    <subfield code="a">Disponible en formato digital</subfield>
  </datafield>
  <datafield tag="600" ind1="1" ind2="4">
    <subfield code="a">Moreno Nieto, Jos&#xE9;,</subfield>
    <subfield code="d">1825-1882</subfield>
    <subfield code="9">83416</subfield>
  </datafield>
  <datafield tag="600" ind1="1" ind2="4">
    <subfield code="a">Revilla, Jos&#xE9; de la,</subfield>
    <subfield code="d">1796-1859</subfield>
    <subfield code="9">131739</subfield>
  </datafield>
  <datafield tag="610" ind1="2" ind2="4">
    <subfield code="a">Ateneo de Madrid-</subfield>
    <subfield code="v">Discursos de apertura-</subfield>
    <subfield code="y">S.XIX.</subfield>
    <subfield code="9">1912</subfield>
  </datafield>
  <datafield tag="830" ind1="1" ind2="0">
    <subfield code="a">Colecci&#xF3;n de escritores castellanos. Cr&#xED;ticos</subfield>
    <subfield code="v">17-18, 81</subfield>
    <subfield code="9">182227</subfield>
  </datafield>
  <datafield tag="830" ind1="1" ind2=" ">
    <subfield code="a">Obras de D. Antonio C&#xE1;novas del Castillo</subfield>
    <subfield code="9">226529</subfield>
  </datafield>
  <datafield tag="852" ind1=" " ind2=" ">
    <subfield code="a">ES-MaACL </subfield>
    <subfield code="c">DEPO</subfield>
    <subfield code="d">Olim: F-12450(bis)-12452</subfield>
    <subfield code="j">R-2300-02 </subfield>
  </datafield>
  <datafield tag="856" ind1=" " ind2=" ">
    <subfield code="u">http://bibliotecavirtual.malaga.es/i18n/consulta/registro.cmd?id=15773</subfield>
    <subfield code="y">Versi&#xF3;n en l&#xED;nea</subfield>
    <subfield code="z">(Biblioteca Virtual de la Provincia de M&#xE1;laga)</subfield>
  </datafield>
  <datafield tag="856" ind1=" " ind2=" ">
    <subfield code="u">http://hdl.handle.net/11169/20828</subfield>
    <subfield code="y">Versi&#xF3;n en l&#xED;nea</subfield>
    <subfield code="z">(Biblioteca Digital Floridablanca. Fondo Antiguo)</subfield>
  </datafield>
  <datafield tag="856" ind1=" " ind2=" ">
    <subfield code="u">https://archive.org/details/problemascontemp01cnov/page/n10 </subfield>
    <subfield code="y">Versi&#xF3;n en l&#xED;nea</subfield>
    <subfield code="z">(Internet Archive) </subfield>
    <subfield code="z">(Vol. 1)</subfield>
  </datafield>
  <datafield tag="856" ind1=" " ind2=" ">
    <subfield code="u">https://archive.org/details/problemascontemp02cnov/page/5 </subfield>
    <subfield code="y">Versi&#xF3;n en l&#xED;nea</subfield>
    <subfield code="z">(Internet Archive) </subfield>
    <subfield code="z">(Vol. 2)</subfield>
  </datafield>
  <datafield tag="856" ind1=" " ind2=" ">
    <subfield code="u">https://archive.org/details/problemascontemp03cnov/page/5 </subfield>
    <subfield code="y">Versi&#xF3;n en l&#xED;nea</subfield>
    <subfield code="z">(Internet Archive) </subfield>
    <subfield code="z">(Vol. 3)</subfield>
  </datafield>
  <datafield tag="942" ind1=" " ind2=" ">
    <subfield code="c">MONANT</subfield>
    <subfield code="n">0</subfield>
  </datafield>
  <datafield tag="999" ind1=" " ind2=" ">
    <subfield code="c">39663</subfield>
    <subfield code="d">39663</subfield>
  </datafield>
  <datafield tag="952" ind1=" " ind2=" ">
    <subfield code="0">0</subfield>
    <subfield code="1">0</subfield>
    <subfield code="2">udc</subfield>
    <subfield code="4">0</subfield>
    <subfield code="7">0</subfield>
    <subfield code="8">LIBXIX</subfield>
    <subfield code="a">ATENEOM</subfield>
    <subfield code="b">ATENEOM</subfield>
    <subfield code="c">DEPO</subfield>
    <subfield code="d">2008-01-17</subfield>
    <subfield code="j">1</subfield>
    <subfield code="l">0</subfield>
    <subfield code="o">R-2300-02</subfield>
    <subfield code="p">1041772</subfield>
    <subfield code="r">2023-02-23 00:00:00</subfield>
    <subfield code="y">MONANT</subfield>
  </datafield>
</record>
